Statistics for Most Played Songs Live - Taylor Swift

Click here to take the quiz!

General Stats

  • This quiz has been taken 271 times
  • The average score is 9 of 15

Answer Stats

Times PerformedSong% Correct
464Love Story
90%
367You Belong With Me
80%
388Our Song
67%
204We Are Never Ever Getting Back Together
67%
193Mean
64%
279Tim Mcgraw
63%
258Fearless
60%
185I Knew You Were Trouble
60%
132Mine
59%
276Teardrops on My Guitar
58%
260Fifteen
56%
279Picture to Burn
50%
211Sparks Fly
45%
133White Horse
45%
279Should've Said No
42%

Score Distribution

Percentile by Number Answered

Percent of People with Each Score

Your Score History

You have not taken this quiz